Динамическое формоизменение тонкостенной оболочки импульсами магнитного поля: автореферат диссертации на соискание ученой степени кандидата технических наук

Λεπτομέρειες βιβλιογραφικής εγγραφής
Κύριος συγγραφέας: Хаустов В. М. Виктор Михайлович
Συγγραφή απο Οργανισμό/Αρχή: Омский государственный технический университет
Γλώσσα:Ρωσικά
Έκδοση: Омск, [Б. и.], 2000
Θέματα:
Μορφή: Βιβλίο
KOHA link:https://koha.lib.tpu.ru/cgi-bin/koha/opac-detail.pl?biblionumber=22535

MARC

LEADER 00000nam0a2200000 4500
001 22535
005 20231030194745.0
035 |a (RuTPU)RU\TPU\book\22748 
035 |a BOOK00022820 
090 |a 22535 
100 |a 20011209d2000 k y0rusy50 ca 
101 0 |a rus 
102 |a RU 
105 |a y dm 000zy 
200 1 |a Динамическое формоизменение тонкостенной оболочки импульсами магнитного поля  |e автореферат диссертации на соискание ученой степени кандидата технических наук  |f В. М. Хаустов  |g Омский государственный технический университет 
210 |a Омск  |c [Б. и.]  |d 2000 
215 |a 19 с. 
610 1 |a тонкостенные оболочки 
610 1 |a динамическое формоизменение 
610 1 |a магнитное поле 
610 1 |a импульсы 
610 1 |a авторефераты диссертаций 
675 |a 539.3:51(04)  |v 3 
700 1 |a Хаустов  |b В. М.  |g Виктор Михайлович 
712 0 2 |a Омский государственный технический университет  |2 stltpush  |3 (RuTPU)RU\TPU\col\394 
801 0 |a RU  |b 63413507  |c 20011209  |g PSBO 
801 2 |a RU  |b 63413507  |c 20040429  |g PSBO 
942 |c BK